Reklamné spoty dobýjajú svet

Nástup videobannerov a stále sa rozvíjajúce možnosti iných foriem internetovej reklamy, znamenajú nielen jej väčšiu interaktivitu, ale aj rast tržieb online reklamy. Pozitíva a negatíva nových formátov. Využitie reklamných formátov - najpoužívanejší square.

Gespeichert in:
Bibliographische Detailangaben
1. Verfasser: Doktor, Vladislav
Format: Buchkapitel
Sprache:Slowakisch
Schlagworte:
Tags: Tag hinzufügen
Keine Tags, Fügen Sie das erste Tag hinzu!

MARC

LEADER 00000naa$a2200000$$$4500
001 0051621
005 20231107124417.4
041 0 |a slo 
044 |a SK 
245 1 0 |a Reklamné spoty dobýjajú svet  |c Vladislav Doktor 
520 |a Nástup videobannerov a stále sa rozvíjajúce možnosti iných foriem internetovej reklamy, znamenajú nielen jej väčšiu interaktivitu, ale aj rast tržieb online reklamy. Pozitíva a negatíva nových formátov. Využitie reklamných formátov - najpoužívanejší square. 
610 2 0 |a reklama 
610 2 0 |a internet 
610 2 0 |a Slovensko 
100 1 |a Doktor, Vladislav